| 000 | 00700cam a2200181 i 4500 | ||
|---|---|---|---|
| 020 | _a0873321782 | ||
| 082 |
_a330.12/2/0973 _bGAL _cL-28, P-3 |
||
| 100 | 1 |
_aGalbraith, John Kenneth, _937822 |
|
| 245 | 1 | 0 |
_aAmerican capitalism : _bthe concept of countervailing power / _cby John Kenneth Galbraith. |
| 260 |
_aWhite Plains, N.Y. : _bM. E. Sharpe, _c[1980] c1956. |
||
| 300 |
_axiii, 208 p. ; _c22 cm. |
||
| 500 | _aReprint of the ed. published by Houghton Mifflin, Boston; with a new pref. by the author. | ||
| 526 |
_a0 _b0 _c0 _d330_122097300000000_GAL |
||
| 526 |
_a0 _b0 _c0 _d330_122097300000000_GAL |
||
| 526 |
_a0 _b0 _c0 _d330_122730000000000_GAL |
||
| 650 | 0 |
_aCapitalism. _93608 |
|
| 942 |
_2ddc _cBK |
||
| 999 |
_c542593 _d542593 |
||